Villes commençant par B sur une carte - Statistiques

Statistiques générales
  • Ce quiz a été pris 411 fois
  • Le résultat moyen est 19 sur 30
Réponses sur la Carte
Les réponses sont colorées sur une échelle allant du rouge au vert en fonction du pourcentage des utilisateurs qui les ont devinées à leur premier essai. Vous pouvez retrouver ces pourcentages ci-dessous.
 
Statistiques - réponses
ville % Correct
Barcelone
93%
Bordeaux
93%
Bruxelles
92%
Brasilia
91%
Berlin
86%
Boston
86%
Buenos Aires
86%
Bogota
85%
Bucarest
80%
Budapest
80%
Birmingham
76%
Bangkok
73%
Bamako
70%
Beyrouth
69%
Belgrade
68%
Bologne
67%
Bagdad
65%
Brisbane
63%
Brazzaville
60%
Bakou
56%
Beijing
53%
Baltimore
45%
Bergen
45%
Bloemfontein
39%
Busan
39%
Bengaluru
36%
Belo Horizonte
34%
Belem
27%
Bandung
18%
Barranquilla
17%
Aucun quiz correspondant
Distribution des résultats
% des personnes avec chaque résultat
Percentile par nombre de réponses
Votre historique - résultats
Vous n’avez pas pris ce quiz